WORKSHOP PRACTICE (Record no. 15287)

MARC details
000 -LEADER
fixed length control field 00287nam a22001457a 4500
003 - CONTROL NUMBER IDENTIFIER
control field SGT
082 ## - DEWEY DECIMAL CLASSIFICATION NUMBER
Classification number BAW
100 ## - MAIN ENTRY--PERSONAL NAME
Personal name BAWA H.S
245 ## - TITLE STATEMENT
Title WORKSHOP PRACTICE
250 ## - EDITION STATEMENT
Edition statement 2ED
260 ## - PUBLICATION, DISTRIBUTION, ETC. (IMPRINT)
Name of publisher, distributor, etc M C GRAW HILL
Year of Publication 2015
300 ## - PAGE DESCRIPTION
No. of Pages 250
650 ## - SUBJECT ADDED ENTRY--TOPICAL TERM
Topical term or geographic name as entry element PHYSICAL SCIENCE
942 ## - ADDED ENTRY ELEMENTS (KOHA)
Source of classification or shelving scheme Dewey Decimal Classification
Koha item type Books
Holdings
Withdrawn status Lost status Source of classification or shelving scheme Damaged status Not for loan Collection code Home library Current library Date acquired SGTU Total Checkouts Full call number Accession No. (Barcode) Date last seen Bill Date Koha item type
    Dewey Decimal Classification     SCIENCE SGT Science & Social Sciences Library SGT Science & Social Sciences Library 10/03/2018 SGTU   BAW PS4033 10/03/2018 10/03/2018 Books